Scout (Belgique) - Statistiques

Statistiques générales
  • Ce quiz a été pris 90 fois
  • Le résultat moyen est 11 sur 14
Statistiques - réponses
Hint Réponse % Correct
Se trouve autour du cou foulard
99%
Pendant l'été camp
94%
Garçons 12 à 15 ans scout / éclaireurs
93%
Filles de 12 à 15 ans guides / éclaireurs
90%
Garçons de 8 à 11 ans louveteaux
90%
Animateurs chefs
83%
Les trois doigts promesse
83%
Animal totem
82%
Créateur Baden Powell
79%
Regroupment au bruit du sifflet rassemblement
78%
Filles de 8 à 12 ans lutins / louvettes
76%
1 ou 2 ans avant d'être animateurs pionnier / guide horizon
76%
Enfants de 6 à 7 ans nutons / baladins
64%
Personnalité quali
53%
Aucun quiz correspondant
Distribution des résultats
% des personnes avec chaque résultat
Percentile par nombre de réponses
Votre historique - résultats
Vous n’avez pas pris ce quiz